000 00431nam a2200169 a 4500
001 0000-9376
003 ELIB.Books
008 110520 1933
035 _a(ELIB.Books)0000-9528
082 _a252
_bMad
100 _aMadden, P.J.
245 _aWhy does the Devil Desire to Damn You?
260 _bSpringdale: Whitaker House
_c1933
650 _aPreaching
942 _2ddc
_cBK
998 _cbat
_e2011-05-20
999 _c9376
_d9376